00452nam a2200169Ia 4500008004100000040001900041041001200060082002000072245002100092260004000113300002900153440004200182504001900224650001400243651001100257850001400268131103s9999 xx 000 0 und d aLoreto College aEnglish aREFbLCBED/7083 aFlowering plants aLondonbMacdonald educationalc1968 a61p.b ill.,pic.c 21cm. aMacdonald junioror refarence library  aIncludes index aRefarence aPlants aLCBED/REF